Náklady a výnosy ako zložky účtovnej závierky podnikateľa diplomová práca

Uložené v:
Podrobná bibliografia
Hlavný autor: Tršková, Petra
Korporativný autor: Fakulta hospodárskej informatiky EU. Katedra účtovníctva a audítorstva
Ďalší autori: Šlosárová, Anna
Médium: Kniha
Jazyk:Slovak
Vydavateľské údaje: Bratislava 2009
Tagy: Pridať tag
Žiadne tagy, Buďte prvý, kto otaguje tento záznam!

MARC

LEADER 00000nam$a2200000$$$4500
001 0097821
005 20240318134732.5
041 0 |a slo 
044 |a SK 
245 1 0 |a Náklady a výnosy ako zložky účtovnej závierky podnikateľa  |b diplomová práca  |c Petra Tršková ; škol. Anna Šlosárová 
264 1 |a Bratislava  |c 2009 
300 |a 73 s. 
100 1 |a Tršková, Petra 
700 1 |a Šlosárová, Anna 
710 2 |a Fakulta hospodárskej informatiky EU. Katedra účtovníctva a audítorstva